Yakın tarihimizde cami kıyımı (Record no. 11076)

000 -LEADER
fixed length control field 00858nmm a2200253 a 4500
001 - CONTROL NUMBER
control field ocm0001083891
003 - CONTROL NUMBER IDENTIFIER
control field TR-IsHL
005 - DATE AND TIME OF LATEST TRANSACTION
control field 20201028151556.0
008 - FIXED-LENGTH DATA ELEMENTS--GENERAL INFORMATION
fixed length control field 150709s2003 tu tur
007 - PHYSICAL DESCRIPTION FIXED FIELD--GENERAL INFORMATION
fixed length control field cr cn
035 ## - SYSTEM CONTROL NUMBER
System control number 1083891
-- (N$T)
050 04 - LIBRARY OF CONGRESS CALL NUMBER
Classification number NA4670
Item number .E94 2003
090 04 - LOCALLY ASSIGNED LC-TYPE CALL NUMBER (OCLC); LOCAL CALL NUMBER (RLIN)
Classification number (OCLC) (R) ; Classification number, CALL (RLIN) (NR) NA4670
Local cutter number (OCLC) ; Book number/undivided call number, CALL (RLIN) .E94 2003
100 1# - MAIN ENTRY--PERSONAL NAME
Personal name Eygi, Mehmet Şevket
245 10 - TITLE STATEMENT
Title Yakın tarihimizde cami kıyımı
Medium [electronic resource] /
Statement of responsibility, etc. Mehmet Şevket Eygi
260 ## - PUBLICATION, DISTRIBUTION, ETC.
Place of publication, distribution, etc. İstanbul :
Name of publisher, distributor, etc. Tarih ve İbret yayınları,
Date of publication, distribution, etc. 2003
300 ## - PHYSICAL DESCRIPTION
Extent 375 p.
650 #4 - SUBJECT ADDED ENTRY--TOPICAL TERM
Topical term or geographic name entry element Felsefe, Psikoloji ve Din
650 #4 - SUBJECT ADDED ENTRY--TOPICAL TERM
Topical term or geographic name entry element Philosophy, Psychology and Religion
650 #0 - SUBJECT ADDED ENTRY--TOPICAL TERM
Topical term or geographic name entry element Mosques
General subdivision Turkey
650 #0 - SUBJECT ADDED ENTRY--TOPICAL TERM
Topical term or geographic name entry element Camiler
General subdivision Türkiye
650 #7 - SUBJECT ADDED ENTRY--TOPICAL TERM
Topical term or geographic name entry element ARCHITECTURE / Buildings / Religious
Source of heading or term bisacsh
856 40 - ELECTRONIC LOCATION AND ACCESS
Uniform Resource Identifier <a href="http://search.ebscohost.com/login.aspx?direct=true&scope=site&db=e011xww&AN=1083891">http://search.ebscohost.com/login.aspx?direct=true&scope=site&db=e011xww&AN=1083891</a>
Holdings
Withdrawn status Lost status Source of classification or shelving scheme Damaged status Not for loan Collection code Permanent Location Current Location Date acquired Total Checkouts Full call number Barcode Date last seen Price effective from Koha item type
        Online   Kıbrıs Amerikan Üniversitesi Kütüphanesi / American University of Cyprus Kıbrıs Amerikan Üniversitesi Kütüphanesi / American University of Cyprus 28.10.2020   NA4670 .E94 2003 1083891 28.10.2020 28.10.2020 E-Kitap
Devinim Yazılım Eğitim Danışmanlık tarafından Koha'nın orjinal sürümü uyarlanarak geliştirilip kurulmuştur.